Statistiques concernant Pays qui traversent l'équateur

Cliquez ici pour prendre le quiz!

Statistiques générales

  • Ce quiz a été pris 44 fois
  • Le résultat moyen est 10 sur 13

Statistiques - réponses

Réponse% Correct
Brésil
98%
Equateur
95%
République démocratique du Congo
95%
Colombie
93%
République du Congo
93%
Indonésie
90%
Gabon
81%
Kenya
79%
Ouganda
79%
Somalie
71%
Maldives
57%
Kiribati
43%
Sao Tomé et Principe
43%

Distribution des résultats

Percentile par nombre de réponses

% des personnes avec chaque résultat

Votre développement - résultats

Vous n’avez pas pris ce quiz